Proudest Day: India's Long Road to Independence (Record no. 222803)
[ view plain ]
| 000 -LEADER | |
|---|---|
| fixed length control field | 01398nam a22002297a 4500 |
| 005 - DATE AND TIME OF LATEST TRANSACTION | |
| control field | 20220506102221.0 |
| 008 - FIXED-LENGTH DATA ELEMENTS--GENERAL INFORMATION | |
| fixed length control field | 220506b ||||| |||| 00| 0 eng d |
| 020 ## - INTERNATIONAL STANDARD BOOK NUMBER | |
| International Standard Book Number | 0224039563 |
| 040 ## - CATALOGING SOURCE | |
| Transcribing agency | AL |
| 041 ## - LANGUAGE CODE | |
| Language code of text/sound track or separate title | English |
| 082 ## - DEWEY DECIMAL CLASSIFICATION NUMBER | |
| Edition number | 23 |
| Classification number | 954.03 |
| Item number | REAP |
| 100 ## - MAIN ENTRY--PERSONAL NAME | |
| Personal name | Anthony Read and others |
| 100 ## - MAIN ENTRY--PERSONAL NAME | |
| 9 (RLIN) | 34282 |
| 245 ## - TITLE STATEMENT | |
| Title | Proudest Day: India's Long Road to Independence |
| 260 ## - PUBLICATION, DISTRIBUTION, ETC. | |
| Place of publication, distribution, etc. | London |
| Name of publisher, distributor, etc. | Jonathan Cape |
| Date of publication, distribution, etc. | 1997 |
| 300 ## - PHYSICAL DESCRIPTION | |
| Extent | xxv,565 p. |
| Other physical details | HB |
| Dimensions | 24x15.5 cm. |
| 520 ## - SUMMARY, ETC. | |
| Summary, etc. | At midnight on 14 August 1947, Britain finally granted independence to the peoples of India, without a single shot being fired in anger. Bathed in the rosy glow of retrospect, the birth of modern India and Pakistan has come to be regarded in the west as a great achievement, "the proudest day in Britain's history", as predicted by Lord Macauley in 1835. But how justified is the romantic popular image? Was Indian independence a noble gesture by a benevolent colonial power or was freedom wrested from the British by Indian nationalists after more than a quarter of a century of bitter struggle? "The Proudest Day" examines whether the winning of freedom in India was a triumph or a tragedy. |
| 650 ## - SUBJECT ADDED ENTRY--TOPICAL TERM | |
| Topical term or geographic name entry element | India--History--British occupation, 1765-1947 |
| 9 (RLIN) | 34283 |
| 650 ## - SUBJECT ADDED ENTRY--TOPICAL TERM | |
| Topical term or geographic name entry element | India -- History -- Autonomy and independence movements |
| 9 (RLIN) | 34284 |
| 700 ## - ADDED ENTRY--PERSONAL NAME | |
| Personal name | READ (Anthony) |
| 9 (RLIN) | 34285 |
| 700 ## - ADDED ENTRY--PERSONAL NAME | |
| Personal name | FISHER(David) |
| 9 (RLIN) | 34286 |
| 942 ## - ADDED ENTRY ELEMENTS (KOHA) | |
| Source of classification or shelving scheme | Dewey Decimal Classification |
| Koha item type | George Fernandes Collections |
| Withdrawn status | Lost status | Source of classification or shelving scheme | Damaged status | Not for loan | Collection code | Home library | Current library | Date acquired | Total Checkouts | Full call number | Barcode | Date last seen | Price effective from | Koha item type |
|---|---|---|---|---|---|---|---|---|---|---|---|---|---|---|
| Dewey Decimal Classification | History | St Aloysius Library | St Aloysius Library | 03/24/2013 | 954.03 REAP | GF03087 | 05/06/2022 | 05/06/2022 | George Fernandes Collections |